Tailspin: (Record no. 180065)

MARC details
000 -LEADER
fixed length control field 00664nam a22001817a 4500
005 - DATE AND TIME OF LATEST TRANSACTION
control field 20210722170208.0
010 ## - LCCN (DPL NO)
LC control number ENG-129627
020 ## - INTERNATIONAL STANDARD BOOK NUMBER
International Standard Book Number 978-93-89137-84-2
Terms of availability 1580.00
035 ## - SYSTEM CONTROL NUMBER
System control number EN-113159
037 ## - SOURCE OF ACQUISITION
Source of stock number/acquisition DBAD/PUB
082 ## - DEWEY DECIMAL CLASSIFICATION NUMBER
Classification number 337.54061
245 ## - TITLE STATEMENT
Title Tailspin:
Remainder of title The Politics of India-China Economic Relations/
Statement of responsibility, etc Edited By Aravind Yelery, Et. All
260 ## - PUBLICATION, DISTRIBUTION, ETC. (IMPRINT)
Place of publication, distribution, etc New Delhi
Name of publisher, distributor, etc KW Publishers Pvt Ltd.
Date of publication, distribution, etc 2020
270 ## - ADDRESS
Address 4676/21, First Floor, Ansari Road, Daryaganj
City New Delhi
Postal code 110002
Telephone number 011-43528107
Electronic mail address kw@kwpub.com
300 ## - PHYSICAL DESCRIPTION
Extent 405p.
Dimensions 23cm(hbk)
Other physical details Index, References
700 ## - ADDED ENTRY--PERSONAL NAME
Personal name Aravind Yelery, Mrudul Nile
942 ## - ADDED ENTRY ELEMENTS (KOHA)
Source of classification or shelving scheme Dewey Decimal Classification
Item type English Books
Classification part 337.54061
Call number suffix YEL
Holdings
Withdrawn status Lost status Not for loan Collection code Home library Current library Date acquired Source of acquisition Cost, normal purchase price Full call number Barcode Copy number Cost, replacement price Koha item type
      Non-fiction Central Library Central Library 22/07/2021 DBAD/PUB 1580.00 337.54061 YEL EN-113159 1 1580.00 English Books

© Delhi Public Library
Hit Counter
free hit counter